| 000 | 00836nam a22002417a 4500 | ||
|---|---|---|---|
| 999 |
_c14371 _d14371 |
||
| 003 | MIRAKIL | ||
| 005 | 20220621165632.0 | ||
| 008 | 220621b tu ||||| |||| 00| 0 tur d | ||
| 020 | _a9786254052330 | ||
| 040 |
_aTR-AnCHP _cTR-AnCHP |
||
| 041 | _aTur | ||
| 082 |
_a909 _bM13t 2021 |
||
| 100 | _aMcGregor, James H.S. | ||
| 245 | 1 | 0 |
_aTarihöncesinden bugüne Akdeniz dünyası ve doğa: _bKriz çağına nasıl geldik?/ _cJames H.S. McGregor ; çeviren Barış Gönülşen. |
| 246 | _aKriz çağına nasıl geldik? | ||
| 260 |
_aİstanbul: _bTürkiye İş Bankası, _c2021. |
||
| 300 |
_a397 s.: _bhrt.; _c23 sm. |
||
| 490 | 0 |
_aTürkiye İş Bankası Genel Yayın ; _v5039 |
|
| 504 | _aKaynakça ve dizin vardır. | ||
| 650 | 0 |
_95671 _aUygarlık _xTarih _zAkdeniz |
|
| 700 |
_96686 _aGönülşen, Barış _eçev. |
||
| 942 |
_2ddc _cBKS |
||